| 000 | 01195nam a2200325 i 4500 | ||
|---|---|---|---|
| 001 | 3495274 | ||
| 003 | OSt | ||
| 005 | 20240321101843.0 | ||
| 008 | 940606s1993 ja b 001 0 eng | ||
| 010 | _a 94167806 | ||
| 020 | _a4906267327 | ||
| 040 |
_aDLC _cDLC |
||
| 050 | 0 | 0 |
_aZ7862.4 _b.E35 1993 _aBQ1267 |
| 082 | 0 | 0 |
_a016.2943/82 _220 |
| 100 | 1 | _aEimer, Helmut. | |
| 245 | 1 | 0 |
_aLocation list for the texts in the microfiche edition of the Phug brag Kanjur : _bcompiled from the microfiche edition and Jampa Samten's descriptive catalogue / _cHelmut Eimer. |
| 264 |
_aTokyo : _bInternational Institute for Buddhist Studies, _c1993. |
||
| 300 |
_axii, 126 pages ; _c26 cm. |
||
| 336 |
_2rdacontent _atext _btxt |
||
| 337 |
_2rdamedia _aunmediated _bn |
||
| 338 |
_2rdacarrier _avolume _bnc |
||
| 440 | 0 |
_aBibliographia philologica Buddhica. _pSeries maior ; _v5 |
|
| 500 | _aIncludes index. | ||
| 504 | _aList of the author' works: p. 121-126. | ||
| 590 | _aIn English. | ||
| 630 | 0 | 0 |
_aKanjur _xBibliography _xMicroform catalogs. |
| 906 |
_a7 _bcbc _corignew _d3 _encip _f19 _gy-gencatlg |
||
| 942 |
_cBOOK _n0 |
||
| 999 |
_c426 _d426 |
||